| 000 | 00676nam a2200217 a 4500 | ||
|---|---|---|---|
| 003 | DO-SdBNP | ||
| 005 | 20221103144213.0 | ||
| 007 | ta | ||
| 008 | 221103e2000 dr ||||gr|||| 00| 0 spa d | ||
| 040 |
_aDO-SdBNP _bspa _cBNPHU |
||
| 082 | 4 |
_222 _bP977t |
|
| 100 | 1 |
_933659 _aPuello Herrera, Juan Francisco |
|
| 245 | 1 | 0 |
_aTiempo de crecimiento. / _cJuan Francisco Puello Herrera; Prólogo, Julio Roque de Escobar, |
| 260 |
_aSanto Domingo : _bMSC, _c2000 |
||
| 300 |
_a379 p. ; _c22 cm. |
||
| 500 | _aIncluye bibliografía y notas al pié de páginas | ||
| 590 | _aInventariado 2022 / MF | ||
| 700 | 1 |
_aRoque de Escobar, Julio _982689 |
|
| 910 | _aMFeliz | ||
| 942 |
_2ddc _cLBS1 |
||
| 999 |
_c52775 _d52775 |
||